La situation pharmaceutique dans le monde

Đã lưu trong:
Bibliografiske detaljer
Hovedforfatter: OMS
Format: Bog
Sprog:Undetermined
Udgivet: Genève OMS
Fag:
Tags: Tilføj Tag
Ingen Tags, Vær først til at tagge denne postø!
Thư viện lưu trữ: Trung tâm Học liệu Trường Đại học Cần Thơ
LEADER 00449nam a2200169Ia 4500
001 CTU_6916
008 210402s9999 xx 000 0 und d
082 |a 615.1 
082 |b S623 
100 |a OMS 
245 0 |a La situation pharmaceutique dans le monde 
245 0 |c OMS 
260 |a Genève 
260 |b OMS 
650 |a pharmacology 
904 |i Nguyễn Quang Điền, 960828 
980 |a Trung tâm Học liệu Trường Đại học Cần Thơ